Super Mario 64 Power Stars: Shifting Sand Land - Statistics

General Stats
  • This quiz has been taken 35 times
  • The average score is 6 of 7
Answers on the Map
Answers color-coded by a green-red scale on the quiz's map according to % correct below.
 
Answer Stats
# Answer % Correct
5 | 7 Free Flying for 8 {Red} {Coins}
100%
1 In the Talons of the Big {Bird}
97%
4 Stand Tall on the Four {Pillars}
97%
2 Shining Atop the {Pyramid}
94%
6 Pyramid {Puzzle}
61%
3 Inside the {Ancient} Pyramid
58%
5 Tox Box {Switch} {Star}
52%
No matching quizzes found
Score Distribution
Percent of People with Each Score
Percentile by Number Answered
Your Score History
You have not taken this quiz